000 02258cam a22003135i 4500
999 _c28945
_d28916
001 15628706
003 EG-ScBUE
005 20201018100926.0
008 090218s2009 enka f b 001 0 eng d
020 _a9780470699928 (cloth)
020 _a0470699922 (cloth)
035 _a(OCoLC)ocn246886794
040 _aDLC
_beng
_erda
_cDLC
_dUKM
_dBTCTA
_dYDXCP
_dBWKUK
_dBWK
_dVP@
_dPMC
_dBWX
_dDLC
_dEG-ScBUE
082 0 4 _a004.652
_bMOB
_222
245 0 0 _aMobile peer to peer (P2P) :
_ba tutorial guide /
_c[edited by] Frank H. P. Fitzek, University of Aalborg, Denmark, Hassan Charaf, Budapest University of Technology, Hungary.
264 1 _aWest Sussex, United Kingdom :
_bJohn Wiley and Sons,
_c2009.
300 _axviii, 255 pages :
_billustrations ;
_c26 cm
336 _atext
_btxt
_2rdacontent
337 _aunmediated
_bn
_2rdamedia
338 _avolume
_bnc
_2rdacarrier
504 _aIncludes bibliographical references and index.
505 0 _aMobile peer-to-peer networks : an introduction to the tutorial guide / Frank H.P. Fitzek and Hassan Charaf -- The evolution of social interactions in networked space / Lara Srivastava and Frank H.P. Fitzek -- The Symbian C++ programming environment / Morten V. Pedersen and Frank H.P. Fitzek -- Introduction to bluetooth communication on mobile devices / Morten V. Pedersen and Frank H.P. Fitzek -- Introduction to WLAN IEEE802.11 communication on mobile devices / Karoly Farkas and Gergely Csucs -- Developing network-capable applications / Peter Ekler, Bertalan Forstner and Gabor Zavarko -- SymTorrent and GridTorrent : developing BitTorrent clients on the Symbian platform / Imre Kelenyi and Bertalan Forstner -- Introduction to network coding for mobile peer to peer (P2P) / Janus Heide and Leonardo Militano -- Mobile social networking : beyond the hype / Bertalan Forstner and Imre Kelenyi -- Using location-based services on mobile phones / Peter Ekler and Gabor Zavarko -- Developing Java games on Symbian OS-based mboile devices / Peter Ekler.
650 7 _aMobile communication systems.
_2BUEsh
650 7 _aPeer-to-peer architecture (Computer networks)
_2BUEsh
653 _bENGGEN
_cOctober2020
700 1 _aFitzek, Frank H. P.,
_eeditor.
700 1 _aCharaf, Hassan,
_eeditor.
942 _2ddc
_cBB